Name the Cartoon Character by Picture - Statistics

General Stats
  • This quiz has been taken 1,524 times
    1,502 since last reset
  • The average score is 11 of 16
Answer Stats
Picture Answer % Correct
SpongeBob SquarePants
99%
Mickey Mouse
98%
Winnie-the-Pooh
95%
Bugs Bunny
86%
Snoopy
85%
Popeye
84%
Charlie Brown
74%
Fred Flintstone
73%
Maggie Simpson
65%
Betty Boop
60%
Eeyore
53%
Buttercup
52%
Roger Rabbit
49%
Bashful
41%
Brainy Smurf
34%
Mighty Mouse
33%
No matching quizzes found
Score Distribution
Percent of People with Each Score
Percentile by Number Answered
Your Score History
You have not taken this quiz since the last reset